| LEADER | 01122ncm a2200301 a 4500 | ||
|---|---|---|---|
| 001 | 007774754-2 | ||
| 005 | 20020606104010.5 | ||
| 008 | 990322s1998 nyuopa n fre d | ||
| 020 | |a 0486401979 | ||
| 024 | 1 | |a 780486401973 | |
| 035 | 0 | |a ocm39804495 | |
| 035 | 1 | |a MAHS99C370 | |
| 035 | 1 | |z NYUGB11804304C | |
| 040 | |a NMI |c NMI |d CStRLIN |d MH-Mu | ||
| 041 | 1 | |a freger |h fre | |
| 050 | 4 | |a M1500.S155 |b S26 1998 | |
| 100 | 1 | |a Saint-Saëns, Camille, |d 1835-1921. | |
| 240 | 1 | 0 | |a Samson et Dalila. |l German & French |
| 245 | 1 | 0 | |a Samson et Dalila / |c Camille Saint-Saëns. |
| 254 | |a In full score. | ||
| 260 | |a Mineola, N.Y. : |b Dover, |c 1998. | ||
| 300 | |a 1 score (497 p.) ; |c 29 cm. | ||
| 500 | |a "This Dover edition, first published in 1998, is a complete, unabridged republication of C. Saint-Saëns, Samson et Dalila / Partition d'Orchestre, originally published by Durand & Cie, Paris, n.d. Lists of credits, instrumentation and contents are newly added." -- t.p. verso | ||
| 500 | |a French libretto by Ferdinand Lemaire. | ||
| 650 | 0 | |a Operas |v Scores. | |
| 700 | 1 | |a Lemaire, Ferdinand. | |
| 988 | |a 20020608 | ||
| 906 | |0 RLIN | ||


